000 00595nam a2200229Ia 4500
003 OSt
005 20220928140133.0
006 a|||||r|||| 00| 0
007 ta
008 220927b |||||||| |||| 00| 0 eng d
024 _a6783
037 _cTextual
040 _aSDCL
_cSDCL
_beng
041 _2eng
_aeng
082 _aX;72, L7
100 _aWestaway A J
_9494086
245 0 _aMacroeconomic thory, evidence and policy
260 _c1977
700 _a Weyman-Jones T G
_9494087
942 _hX;72, L7
_cTEXL
_2CC
999 _c809966
_d809966